| 000 | 00890cam a2200241 i 4500 | ||
|---|---|---|---|
| 999 |
_c57457 _d57457 |
||
| 001 | 18174294 | ||
| 005 | 20221107115054.0 | ||
| 008 | 140602s2015 paua b 001 0 eng | ||
| 020 | _a9781609139711 X | ||
| 041 | _aeng | ||
| 080 | _a616.89 K-20 | ||
| 100 | 1 |
_aSadock, Benjamin J., _d _98717 |
|
| 245 | 1 | 0 |
_aKaplan & Sadock's synopsis of psychiatry : _bbehavioral sciences/clinical psychiatry / _cBenjamin James Sadock, Virginia A. Sadock, Pedro Ruiz. |
| 250 |
_aEleventh edition / _b |
||
| 264 | 1 |
_aPhiladelphia : _bWolters Kluwer, _c2015. |
|
| 300 |
_a1472 pages: _billustrations ; _c27 cm. |
||
| 653 | _aმედიცინა | ||
| 653 | _aფსიქიატრია | ||
| 653 | _a ფსიქიკური აშლილობა | ||
| 700 | 1 |
_aSadock, Virginia A. _eავტორი _98718 |
|
| 700 | 1 |
_aRuiz, Pedro _d _eავტორი _98719 |
|
| 942 |
_2udc _cBK |
||